FRIENDSHIP WHY AMERICANS CAN I THINK STRAIGHT ABAUT RACE (Record no. 18869)
[ view plain ]
| 000 -LEADER | |
|---|---|
| fixed length control field | 00333nam a22001337a 4500 |
| 008 - FIXED-LENGTH DATA ELEMENTS--GENERAL INFORMATION | |
| fixed length control field | 170623b xxu||||| |||| 00| 0 eng d |
| 020 ## - INTERNATIONAL STANDARD BOOK NUMBER | |
| International Standard Book Number | 9780300073942 |
| 041 ## - LANGUAGE CODE | |
| Language code of text/sound track or separate title | eng |
| 080 ## - UNIVERSAL DECIMAL CLASSIFICATION NUMBER | |
| Universal Decimal Classification number | 32 |
| 100 ## - Rafti | |
| Rafti | 21 |
| 101 ## - Shkurtesa | |
| Shkurtesa | SHP |
| 245 ## - TITLE STATEMENT | |
| Title | FRIENDSHIP WHY AMERICANS CAN I THINK STRAIGHT ABAUT RACE |
| Statement of responsibility, etc | DEMOTT.B |
| 942 ## - ADDED ENTRY ELEMENTS (KOHA) | |
| Source of classification or shelving scheme | |
| Item type | Books |
No items available.